Dennis Quaid Movies - Statistics

General Stats
  • This quiz has been taken 21 times
  • The average score is 8 of 70
Answer Stats
Role Movie Year % Correct
Jerry Lee Lewis Great Balls of Fire! 1989
59%
Lt. Tuck Pendleton Innerspace 1987
47%
Nick Parker The Parent Trap 1998
41%
Doc Holliday Wyatt Earp 1994
41%
Jack Hall The Day After Tomorrow 2004
35%
Frank Sullivan Frequency 2000
29%
Det. Remy McSwain The Big Easy 1987
29%
Gordon Cooper The Right Stuff 1983
29%
Jim Morris The Rookie 2002
29%
Willis Davidge Enemy Mine 1985
24%
Michael 'Mike' Brody Jaws 3-D 1983
24%
Eddie Bichon Something to Talk About 1995
24%
Sam Houston The Alamo 2004
24%
Ed Miller The Long Riders 1980
24%
Rear Admiral Frank Beardsley Yours, Mine and Ours 2005
24%
Dexter Cornell D.O.A. 1988
18%
Alex Gardner Dream Scape 1984
18%
Frank Whitaker Far From Heaven 2002
18%
Frank Towns Flight of the Phoenix 2004
18%
General Hawk G.I. Joe: The Rise of the Cobra 2009
18%
Thomas Barnes Vantage Point 2008
18%
President Joseph Staton American Dreamz 2006
12%
Jack 'Cap' Roonie Any Given Sunday 1999
12%
Vaughn Ely Beneath the Darkness 2012
12%
Lar Caveman 1981
12%
Cooper Tilson Cold Creek Manor 2003
12%
Arlis Sweeney Flesh and Bone 1993
12%
Rev. Shaw Moore Footloose 2011
12%
Aiden Breslin Horsemen 2009
12%
Dan Foreman In Good Company 2004
12%
Jack Faulkner Postcards From the Edge 1990
12%
Arnie Metzger Traffic 2000
12%
Bellhop Crazy Mama 1975
6%
Bowen Dragonheart 1996
6%
Joe Doe/William Gang Related 1997
6%
Bob Hansen Legion 2010
6%
Joshua Rose/Guy Savior 1998
6%
Lawrence Wetherhold Smart People 2008
6%
Tom Hamilton Soul Surfer 2011
6%
Eddie Sanger Suspect 1987
6%
Frank LaCrosse Switchback 1997
6%
Bill Clinton The Special Relationship 2010
6%
Clay Hammond The Words 2012
6%
Art Long Tough Enough 1983
6%
Colonel Roger Charles Truth 2015
6%
Jefferson 'Jeff' Blue Undercover Blues 1993
6%
Wallace Foudroyant/Biff the Clown Wilder Napalm 1993
6%
Himself A Century of Cinema 1994
0%
Freddie Dupler All Night Long 1981
0%
Henry Whipple At Any Prince 2012
0%
Roven Battle for Terra 2007
0%
Barry Morrow Bill 1981
0%
Mike Braking Away 1979
0%
Jack McGurn Come See the Paradise 1990
0%
Gabe Dinner With Friends 2001
0%
Gavin Grey Everybody's All-American 1988
0%
Mad Grossman Gorb 1980
0%
Shark, Baseball Pitcher I Never Promised You a Rose Garden 1977
0%
Kyle Hager Johnny Belinda 1982
0%
Charlie Wessler Movie 43 2013
0%
Paul Morelli Our Winning Season 1978
0%
Payton Pandorum 2009
0%
Hugh Playing by Heart 1998
0%
Carl Playing for Keeps 2012
0%
Frank September 30, 1955 1977
0%
Extra at Graduation Ceremony Stripes 1981
0%
Ben Shwartzwalder The Express 2008
0%
Travis Child The Night the Lights Went Out in Georgia 1981
0%
Alan The Seniors 1978
0%
Ramsey When to Expect When You're Expecting 2012
0%
No matching quizzes found
Score Distribution
Percent of People with Each Score
Percentile by Number Answered
Your Score History
You have not taken this quiz